| 000 | 00569nam a2200217 a 4500 | ||
|---|---|---|---|
| 005 | 20210219153517.0 | ||
| 008 | 991125n 000 0 eng u | ||
| 035 | _aUPN01000104398 | ||
| 100 | _aMcCannon, Bob | ||
| 222 | _aSOCIAL EDUCATION | ||
| 245 | _aU.S. japanese relations | ||
| 300 | _a5-7 | ||
| 362 | _a1993 57, no. 1 | ||
| 653 | 0 | _aCOMERCIO INTERNACIONAL | |
| 653 | 0 | _aESTADOS UNIDOS DE AMERICA | |
| 653 | 0 | _aPAISES EXTRANJEROS | |
| 653 | 0 | _aPOLITICA EXTRANJERA | |
| 653 | 0 | _aRELACIONES INTERNACIONALES | |
| 904 |
_aAC _b042209 |
||
| 905 | _aArticulo | ||
| 999 |
_c78845 _d78845 |
||